00673nam a2200157 a 450000100100000000500170001000800410002704000250006810000390009324500690013226000950020130000200029604900090031695201730032599900170049800003091920200930062605.0110607s1942 ag 000 0 spa d aDO-SdBNPbspacBNPHU1 aSánchez Reulet, Aníbal.95743810aRaíz y destino de la filosofía /cAníbal Sánchez Reulet. a[Tucumán] :bUniversidad nacional de Tucumán, Facultad de filosofía y letras,c1942. a55 p. ;c23 cm. aBNPD 001050718RVaPDbPDcHDd2011-06-07iLF1l0o p30919-10r2020-06-25w2020-06-25y1zPerteneció a la biblioteca personal de Carlos Larrabazal Blanco.ZNo se presta c30411d30411